000 00705cam a22002533a 4500
001 26524
003 PGUSA
005 20140828083555.0
008 080904s2008||||xxu|||||s|||||000 | eng d
040 _aPGUSA
_beng
042 _adc
050 4 _aBX
100 1 _aSmiles, Samuel,
_d1812-1904
245 1 4 _aThe Huguenots in France
_h[electronic resource] /
_cSamuel Smiles
260 _bProject Gutenberg,
_c2008
506 _aPublic domain in the USA.
516 _aElectronic text
653 _aWaldenses
653 _aHuguenots
653 _aDauphiné (France) -- Description and travel
830 0 _aProject Gutenberg
_v26524
856 4 0 _uhttp://www.gutenberg.org/ebooks/26524
942 _cEB
999 _c255779
_d255779